Boleyn traitor : Plantagenet and Tudor / Philippa Gregory.
Jane Boleyn watches from the shadows of the Tudor court, where secrets are currency, every choice is dangerous, and even the faintest whisper can seal the fate of queens. For Jane, survival demands playing every role required of her: a loving wife who conceals her doubts, a devoted sister to Anne Boleyn at the height of her power, and an obedient spy who carefully wields her words. But in a court ruled by ambition and a tyrant’s sword, Jane must rely on her sharp wit and skillful maneuvering to outthink those around her, knowing that one wrong move could cost her everything.
Record details
- ISBN: 9780063439689
- ISBN: 0063439689
- Physical Description: 488 pages : genealogical table ; 24 cm.
- Edition: First US edition.
- Publisher: New York : William Morrow, a imprint of HarperCollins Publishers, [2025].
Content descriptions
| General Note: | Series statement from philippagregory.com. "Originally published in the United Kingdom in 2025 by HarperCollins Publishers."--Title page verso. |
| Bibliography, etc. Note: | Includes bibliographical references (pages 485-488). |
Search for related items by subject
| Genre: | Fiction. Novels. Biographical fiction. Historical fiction. |
Search for related items by series
Available copies
- 1 of 1 copy available at scottsboropl.
Holds
- 0 current holds with 1 total copy.
Show Only Available Copies
| Location | Call Number / Copy Notes | Barcode | Shelving Location | Status | Due Date |
|---|---|---|---|---|---|
| scottsboropl | F Gre | 32269001284440 | Adult - Fiction | Available | - |
| LDR | 03015cam a2200601 i 4500 | ||
|---|---|---|---|
| 001 | 166663 | ||
| 003 | SBPL | ||
| 005 | 20251014145630.0 | ||
| 008 | 241012t20252025nyuj e b 000 fdeng d | ||
| 020 | . | ‡a9780063439689 ‡q(hardcover) | |
| 020 | . | ‡a0063439689 | |
| 035 | . | ‡a(OCoLC)1460290449 | |
| 050 | 4. | ‡aPS | |
| 082 | 0 | 4. | ‡a813 ‡223/eng20251003 |
| 100 | 1 | . | ‡aGregory, Philippa,: ‡eauthor. |
| 245 | 1 | 0. | ‡aBoleyn traitor : ‡bPlantagenet and Tudor / ‡cPhilippa Gregory. |
| 250 | . | ‡aFirst US edition. | |
| 264 | 1. | ‡aNew York : ‡bWilliam Morrow, a imprint of HarperCollins Publishers, ‡c[2025]. | |
| 300 | . | ‡a488 pages : ‡bgenealogical table ; ‡c24 cm. | |
| 336 | . | ‡atext ‡btxt ‡2rdacontent | |
| 337 | . | ‡aunmediated ‡bn ‡2rdamedia | |
| 338 | . | ‡avolume ‡bnc ‡2rdacarrier | |
| 490 | 1 | . | ‡aPlantagenet and Tudor ; ‡vBk 11 |
| 500 | . | ‡aSeries statement from philippagregory.com. | |
| 500 | . | ‡a"Originally published in the United Kingdom in 2025 by HarperCollins Publishers."--Title page verso. | |
| 504 | . | ‡aIncludes bibliographical references (pages 485-488). | |
| 520 | . | ‡aJane Boleyn watches from the shadows of the Tudor court, where secrets are currency, every choice is dangerous, and even the faintest whisper can seal the fate of queens. For Jane, survival demands playing every role required of her: a loving wife who conceals her doubts, a devoted sister to Anne Boleyn at the height of her power, and an obedient spy who carefully wields her words. But in a court ruled by ambition and a tyrant’s sword, Jane must rely on her sharp wit and skillful maneuvering to outthink those around her, knowing that one wrong move could cost her everything. | |
| 600 | 1 | 0. | ‡aBoleyn, Jane, ‡cViscountess Rochford, ‡d-1542 ‡vFiction. |
| 600 | 0 | 0. | ‡aHenry ‡bVIII, ‡cKing of England, ‡d1491-1547 ‡vFiction. |
| 600 | 3 | 0. | ‡aTudor, House of ‡vFiction. |
| 650 | 0. | ‡aNobility ‡vFiction. | |
| 650 | 0. | ‡aLadies-in-waiting ‡vFiction. | |
| 650 | 0. | ‡aSecrecy ‡vFiction. | |
| 650 | 0. | ‡aCourts and courtiers ‡vFiction. | |
| 650 | 0. | ‡aQueens ‡vFiction. | |
| 651 | 0. | ‡aGreat Britain ‡xHistory ‡yHenry VIII, 1509-1547 ‡vFiction. | |
| 651 | 0. | ‡aGreat Britain ‡xHistory ‡yTudors, 1485-1603 ‡vFiction. | |
| 655 | 7. | ‡aFiction. ‡2lcgft | |
| 655 | 7. | ‡aNovels. ‡2lcgft | |
| 655 | 7. | ‡aBiographical fiction. ‡2lcgft | |
| 655 | 7. | ‡aHistorical fiction. ‡2lcgft | |
| 800 | 1 | . | ‡aPlantagenet and Tudor ; ‡vBk 11 |
| 830 | 1 | . | ‡aGregory, Philippa. ‡tPlantagenet and Tudor novels ; ‡vBk 11. |
| 901 | . | ‡a166663 ‡bAUTOGEN ‡c166663 ‡tbiblio | |